Stray Kids Songs (starting with the letter B) - Statistics

General Stats
  • This quiz has been taken 67 times
  • The average score is 6 of 16
Answer Stats
Songs % Correct
Back Door
68%
B ME
59%
BLEEP
57%
Bounce Back
50%
Because (Changbin, Felix)
48%
BEWARE (Grrr)
45%
Blueprint
43%
Booster
41%
BLIND SPOT
39%
Boxer
36%
Burnin' Tires (Changbin & I.N)
32%
Broken Compass
27%
Behind The Light
23%
Butterflies
20%
Baby (Bang Chan)
18%
Black Hole (Bang Chan, I.N)
16%
No matching quizzes found
Score Distribution
Percent of People with Each Score
Percentile by Number Answered
Your Score History
You have not taken this quiz